Заходи забезпечення безпеки у кримінальному судочинстві (Запис № 378006)

МАРК-запис
000 -Лідер
fixed length control field 00732nam a22002417a 4500
003 - Ідентифікатор контрольного номера
control field UA-OsUOA
001 - Контрольний номер
control field 91760
007 - Фіксоване поле фізичного опису
fixed length control field ta
008 - Елементи даних фіксованої довжини – загальна інформація
fixed length control field 20121204b un ||||| |||| 00| 0 ukr d
090 ## - Локальний шифр розміщення
Класифікаційний індекс УДК 343.12
Авторський знак (НП) Г85
040 ## - Джерело каталогізації
Агенція оригінальної каталогізації UA-OsUOA
Мова каталогізації ukr
Агенція, яка здійснювала перезапис UA-OsUOA
Агенція, яка здійснювала модифікацію UA-OsUOA
041 ## - Код мови
Код мови тексту/ звукової доріжки чи окремого заголовка (П) ukr
080 ## - Індекс Універсальної десяткової класифікації
Індекс Універсальної десяткової класифікації (УДК) (НП) 343.12
020 ## - Міжнародний стандартний книжковий номер (ISBN)
Міжнародний стандартний книжковий номер (ISBN) (НП) 978-966-308-446-6
100 ## - Основне введення – ім’я особи
Ім’я особи (НП) Гриньків О. О.
245 ## - Відомості про назву
Назва (НП) Заходи забезпечення безпеки у кримінальному судочинстві
Решта назви (НП) монографія
260 ## - Публікація, розповсюдження і т.п. (Вихідні дані)
Місце публікації, розповсюдження і т.п. (П) Тернопіль
Ім’я/ наймення видавництва, розповсюджувача і т.п. (П) Астон
Дата публікації, розповсюдження і т.п. (П) 2012
300 ## - Фізичний опис
Обсяг 260 с.
650 #7 - Додаткове предметне введення – тематичний термін
Тематичний термін чи географічна назва, як елемент введення (НП) 343 Кримінальне право. Карні порушення
Джерело заголовка чи терміна UDC
942 ## - Додаткові елементи входу (Коха)
Тип елемента Koha Книги
955 ## - Код типу видання за змістом
Код типу видання за змістом (НП) Наукові видання
Фонди
Стан вилучень Стан втрат Джерело класифікації або схеми стелажів Стан уражень Не для кредиту Постійне місце розташування Поточне розміщення Дата придбання Джерело придбання Вартість, звичайна ціна покупки Інвентарний номер Усього замовленно Повний номер виклику Штрих-код Дата останнього перегляду Ціна ефективна від Тип елемента Koha
    Universal Decimal Classification     ЧЗ - Читальна зала ЧЗ - Читальна зала 04/12/2012 74/2012 10.00 140901   343.12 Г85 140901 07/02/2022 04/12/2012 Книги
    Universal Decimal Classification     ЧЗ - Читальна зала ЧЗ - Читальна зала 04/12/2012 74/2012 10.00 140902   343.12 Г85 140902 07/02/2022 04/12/2012 Книги
    Universal Decimal Classification     ЧЗ - Читальна зала ЧЗ - Читальна зала 04/12/2012 74/2012 10.00 140903   343.12 Г85 140903 07/02/2022 04/12/2012 Книги
    Universal Decimal Classification     ЧЗ - Читальна зала ЧЗ - Читальна зала 04/12/2012 74/2012 10.00 140904   343.12 Г85 140904 07/02/2022 04/12/2012 Книги